000 00411nam a2200157Ia 4500
008 210716s2019 xx 000 0 und d
020 _a9789353282745
041 _aeng
082 _a658.151 KAPS
100 _aKapoor, Sujata; Prosad, Jaya Mamta.
245 _aBehavioural finance.
250 _a1
260 _aNew Delhi
_bSage Publications
_c2019
300 _axxix,367, I-6
650 _aCorporate Finance
999 _c211268
_d211268